Catálogo público

Manejo y mejoramiento de pastizales / (Record no. 169881)

MARC details
000 -CABECERA
campo de control de longitud fija 01128nam a2200325Ia 4500
001 - NÚMERO DE CONTROL
campo de control Z_6610
003 - IDENTIFICADOR DEL NÚMERO DE CONTROL
campo de control CHAP
008 - DATOS DE LONGITUD FIJA--INFORMACIÓN GENERAL
campo de control de longitud fija 220113s2011 xx 000 0 und d
010 ## - NÚMERO DE CONTROL DE LA BIBLIOTECA DEL CONGRESO
Número de control de LC 169881
020 ## - NÚMERO INTERNACIONAL ESTÁNDAR DEL LIBRO
Número Internacional Estándar del Libro 978-607-9086-05-3
040 ## - FUENTE DE LA CATALOGACIÓN
Centro/agencia transcriptor CHAP
082 ## - NÚMERO DE LA CLASIFICACIÓN DECIMAL DEWEY
Número de clasificación 633.202 C36
100 ## - ENTRADA PRINCIPAL--NOMBRE DE PERSONA
Nombre de persona Cantú Brito, Jesús Enrique
9 (RLIN) 18484
245 ## - MENCIÓN DE TÍTULO
Título Manejo y mejoramiento de pastizales /
Mención de responsabilidad, etc. Jesús Enrique Cantú Brito
260 ## - PUBLICACIÓN, DISTRIBUCIÓN, ETC.
Lugar de publicación, distribución, etc. México :
Nombre del editor, distribuidor, etc. Doble Hélice Ediciones,
Fecha de publicación, distribución, etc. 2011
300 ## - DESCRIPCIÓN FÍSICA
Extensión 319 p.
500 ## - NOTA GENERAL
Nota general En portada: El pastizal como ecosistema, evaluación del pastizal, sistemas de pastoreo, mejoramiento de pastizales
503 ## - NOTA DE HISTORIA BIBLIOGRÁFICA (BK CF MU) [OBSOLETO]
Nota de historia bibliográfica ej.1: consumo \ ej.2: consumo \ ej.3: consumo \ ej.4: consumo \ ej.5: consumo
504 ## - NOTA DE BIBLIOGRAFÍA, ETC.
Nota de bibliografía, etc. Bibliografía: p. 299 - 319, incliuye índice
650 ## - PUNTO DE ACCESO ADICIONAL DE MATERIA--TÉRMINO DE MATERIA
Término de materia o nombre geográfico como elemento de entrada Manejo de pastizal
9 (RLIN) 145355
650 ## - PUNTO DE ACCESO ADICIONAL DE MATERIA--TÉRMINO DE MATERIA
Término de materia o nombre geográfico como elemento de entrada Mejoramiento de pastizales
9 (RLIN) 145356
650 ## - PUNTO DE ACCESO ADICIONAL DE MATERIA--TÉRMINO DE MATERIA
Término de materia o nombre geográfico como elemento de entrada Paztizales
9 (RLIN) 145357
710 ## - PUNTO DE ACCESO ADICIONAL--NOMBRE DE ENTIDAD CORPORATIVA
Nombre de entidad corporativa o nombre de jurisdicción como elemento de entrada Universidad Autonoma Agraria "Antonio Narro" . Unidad Laguna. Departamento de Produccion Animal
9 (RLIN) 145358
901 ## - ELEMENTOS DE DATOS A LOCAL LDA (RLIN)
a 633.202 C36
902 ## - ELEMENTOS DE DATOS B LOCAL, LDB (RLIN)
a M
910 ## - DATOS DE OPCIÓN DEL USUARIO (OCLC)
Datos de opción del usuario 2011
942 ## - ELEMENTOS DE PUNTO DE ACCESO ADICIONAL (KOHA)
Tipo de ítem Koha Libro_
942 ## - ELEMENTOS DE PUNTO DE ACCESO ADICIONAL (KOHA)
Tipo de ítem Koha
Holdings
Estado de retiro Estado de pérdida Fuente del sistema de clasificación o colocación Estado dañado No para préstamo Código de colección Localización permanente Ubicación/localización actual Ubicación en estantería Fecha de adquisición Código de barras Fecha visto por última vez Número de copia Precio válido a partir de Tipo de ítem Koha Total de préstamos Fecha del último préstamo Renovaciones totales
    Dewey Decimal Classification     General Zootecnia Zootecnia   06/08/2015 z_6457 18/01/2022 1 18/01/2022 Libro      
    Dewey Decimal Classification     General Zootecnia Zootecnia   06/08/2015 z_6458 29/11/2023 2 18/01/2022 Libro 2 21/11/2023  
    Dewey Decimal Classification     General Zootecnia Zootecnia   06/08/2015 z_6459 26/11/2025 3 18/01/2022 Libro 4 17/11/2025 1
    Dewey Decimal Classification     General Zootecnia Zootecnia   06/08/2015 z_6460 15/02/2023 4 18/01/2022 Libro 3 15/02/2023  
    Dewey Decimal Classification     General Zootecnia Zootecnia   06/08/2015 z_6461 29/11/2023 5 18/01/2022 Libro 2 29/11/2023